| 000 | 00574nam a2200217Ia 4500 | ||
|---|---|---|---|
| 003 | OSt | ||
| 005 | 20221007071940.0 | ||
| 006 | a|||||r|||| 00| 0 | ||
| 007 | ta | ||
| 008 | 221006b |||||||| |||| 00| 0 eng d | ||
| 024 | _a11,096 | ||
| 037 | _cTextual | ||
| 040 |
_aFLL _cFLL _beng |
||
| 041 |
_2eng _aeng |
||
| 082 | _aV103:2:9ZqN3, G8 | ||
| 245 | 0 | _aConstitutions of all countries | |
| 260 |
_aLondon _bMajesty's stationery office London _c1938 |
||
| 300 |
_a677p _ccm. |
||
| 942 |
_hV103:2:9ZqN3, G8 _cTEXL _2CC |
||
| 999 |
_c1144754 _d1144754 |
||